000 00579nam a22001817a 4500
005 20240823115402.0
010 _aENG-141404
020 _a9789382710073
_c300.00
035 _aEN-124936
037 _bDBAD
082 _a363.348095452
_21
245 _aNatural calamities in colonial bengal/
_cedited by Chittabrata Palit
260 _aKolkata
_bInstitute of historical studies
_c2020
270 _a8/1, London Street,
_bKolkata
_e700017
300 _a119p.
_c23cm(hb)
700 _970456
_aEdited by Chittabrata Palit
942 _2ddc
_cEN
_h363.348095452
_mNAT
999 _c205238
_d205238